[Event "Hastings Weekend op"]
[Site "Hastings"]
[Date "2023.01.07"]
[Round "1"]
[White "Compton, Alistair"]
[Black "Banerjee, Supratit"]
[Result "1/2-1/2"]
[WhiteElo "2043"]
[BlackElo "1572"]
[PlyCount "85"]
[EventDate "2023.01.07"]
[EventType "swiss"]
[EventRounds "5"]
[EventCountry "ENG"]
[SourceTitle "CBM 212 Extra"]
[Source "ChessBase"]
[SourceDate "2023.03.31"]
[SourceVersion "1"]
[SourceVersionDate "2023.03.31"]
[SourceQuality "1"]

1. e4 e6 2. d4 d5 3. Nc3 dxe4 4. Nxe4 Nd7 5. g3 Ngf6 6. Nxf6+ Nxf6 7. Bg2 Be7 8. Nf3 Bd7 9. Ne5 Rb8 10. 0-0 0-0 11. c4 h6 12. Be3 Re8 13. Qd2 Bf8 14. Rfd1 a6 15. a4 Qe7 16. Qc2 Rec8 17. h4 b5 18. axb5 axb5 19. b3 Qe8 20. g4 bxc4 21. bxc4 Rb4 22. Rdb1 Ba4 23. Qe2 Rxb1+ 24. Rxb1 Nd7 25. Nd3 Nb6 26. c5 Nd5 27. Bxd5 exd5 28. Nf4 Qe4 29. Re1 Bb3 30. Qd3 Bc2 31. Qxe4 Bxe4 32. Kh2 Ra8 33. Kg3 c6 34. f3 Bh7 35. Bf2 Bc2 36. Re2 Ba4 37. Ra2 Ra6 38. Nd3 Bb5 39. Rxa6 Bxa6 40. Ne5 Bb5 41. g5 f6 42. Ng6 Kf7 43. Nxf8 1/2-1/2

[Event "BCF-chT3Sa 1920 (4NCL)"]
[Site "England"]
[Date "2019.11.09"]
[Round "1.23"]
[White "Compton, Alistair"]
[Black "Seymour, Timothy P"]
[Result "0-1"]
[WhiteElo "2027"]
[BlackElo "2104"]
[PlyCount "84"]
[EventDate "2019.11.09"]
[EventType "team-tourn"]
[EventRounds "11"]
[EventCountry "ENG"]
[SourceTitle "EXT 2023"]
[Source "ChessBase"]
[SourceDate "2022.10.05"]
[SourceVersion "1"]
[SourceVersionDate "2022.10.05"]
[SourceQuality "1"]
[WhiteTeam "The Rookies"]
[BlackTeam "Surbiton"]
[WhiteTeamCountry "ENG"]
[BlackTeamCountry "ENG"]

1. e4 e5 2. Nf3 Nc6 3. Bb5 g6 4. c3 a6 5. Ba4 Bg7 6. d4 exd4 7. cxd4 b5 8. Bb3 Nge7 9. Nc3 0-0 10. 0-0 Na5 11. Bc2 d6 12. h3 c5 13. Bf4 cxd4 14. Nxd4 Bb7 15. Nde2 Nc4 16. Bb3 Nxb2 17. Qxd6 Nd3 18. Rad1 Nxf4 19. Qxf4 Qb8 20. Qh4 Qe5 21. Rd7 Bf6 22. Qg3 Qxg3 23. fxg3 Bc6 24. Rc7 Bg5 25. h4 Rac8 26. Rxc8 Be3+ 27. Kh2 Nxc8 28. Rf6 Bb7 29. g4 Bc5 30. g5 Bd6+ 31. g3 Kg7 32. Rf1 Nb6 33. Nf4 Be5 34. Ncd5 Nc4 35. h5 Nd2 36. h6+ Kh8 37. Rf2 Nxe4 38. Re2 Nxg5 39. Kg2 Bxf4 40. gxf4 Ne6 41. Kg3 Nd4 42. Re7 Nf5+ 0-1

[Event "Gibraltar Masters 16th"]
[Site "Caleta"]
[Date "2018.01.28"]
[Round "6"]
[White "Gara, Ticia"]
[Black "Compton, Alistair"]
[Result "1-0"]
[WhiteElo "2331"]
[BlackElo "2082"]
[PlyCount "105"]
[EventDate "2018.01.23"]
[EventType "swiss"]
[EventRounds "10"]
[EventCountry "GGB"]
[SourceTitle "CBM 183"]
[Source "ChessBase"]
[SourceDate "2018.03.14"]
[SourceVersion "1"]
[SourceVersionDate "2018.03.14"]
[SourceQuality "1"]

1. Nf3 d5 2. c4 e6 3. d4 c5 4. cxd5 exd5 5. Nc3 Nc6 6. dxc5 d4 7. Na4 Bxc5 8. Nxc5 Qa5+ 9. Bd2 Qxc5 10. Rc1 Qb6 11. e3 Nge7 12. Bc4 0-0 13. Nxd4 Nxd4 14. exd4 Qxd4 15. 0-0 Bg4 16. Qc2 Bf5 17. Qc3 Qxc3 18. Rxc3 Nc6 19. Be3 Rfd8 20. f3 Nd4 21. Rfc1 h6 22. Kf2 b5 23. Bf1 Be6 24. b3 b4 25. Rd3 Nf5 26. Bc5 a5 27. g4 Nh4 28. Rxd8+ Rxd8 29. Rc2 Ng6 30. Bb6 Ra8 31. Bc4 Bxc4 32. Rxc4 Ne5 33. Rd4 a4 34. Bc7 Nc6 35. Rc4 axb3 36. axb3 Ra2+ 37. Ke3 Ne7 38. Bd6 Nd5+ 39. Kd4 Rd2+ 40. Kc5 Ne3 41. Rxb4 Nf1 42. Rd4 Rb2 43. b4 Nd2 44. Rxd2 Rxd2 45. b5 f5 46. b6 fxg4 47. fxg4 Rc2+ 48. Kd5 Rd2+ 49. Kc6 Rc2+ 50. Bc5 Rxh2 51. b7 Rb2 52. Bb6 Rc2+ 53. Kd5 1-0

[Event "Gibraltar Masters 16th"]
[Site "Caleta"]
[Date "2018.01.27"]
[Round "5"]
[White "Gavilan Diaz, Mario"]
[Black "Compton, Alistair"]
[Result "1-0"]
[WhiteElo "2251"]
[BlackElo "2082"]
[PlyCount "87"]
[EventDate "2018.01.23"]
[EventType "swiss"]
[EventRounds "10"]
[EventCountry "GGB"]
[SourceTitle "CBM 183"]
[Source "ChessBase"]
[SourceDate "2018.03.14"]
[SourceVersion "1"]
[SourceVersionDate "2018.03.14"]
[SourceQuality "1"]

1. e4 e6 2. d4 d5 3. Nc3 Bb4 4. e5 c5 5. a3 Bxc3+ 6. bxc3 Qc7 7. Qg4 f5 8. Qg3 Nc6 9. Nf3 cxd4 10. cxd4 Nge7 11. Bd2 0-0 12. Bd3 Bd7 13. 0-0 Be8 14. h4 Bg6 15. a4 Kh8 16. Qh2 Bh5 17. Ng5 Nd8 18. Bb4 a6 19. f3 h6 20. g4 Bg6 21. h5 Be8 22. Nh3 Ndc6 23. Bd6 Qb6 24. Bc5 Qa5 25. Nf4 Bd7 26. g5 Rfe8 27. gxh6 gxh6 28. Kh1 Rg8 29. Rg1 Rxg1+ 30. Rxg1 Rg8 31. Qh4 Rxg1+ 32. Kxg1 Ng8 33. Ng6+ Kg7 34. Nf8 Bc8 35. Qg3+ Kh8 36. Qg6 Qc7 37. Nxe6 Bxe6 38. Qxe6 Qg7+ 39. Kf1 Nce7 40. Bxf5 Qg5 41. Bd3 Qxh5 42. Bxe7 Qxf3+ 43. Ke1 Qe3+ 44. Kd1 1-0

[Event "Gibraltar Masters 16th"]
[Site "Caleta"]
[Date "2018.01.26"]
[Round "4"]
[White "Compton, Alistair"]
[Black "Dev, Shah"]
[Result "1-0"]
[WhiteElo "2082"]
[BlackElo "1977"]
[PlyCount "97"]
[EventDate "2018.01.23"]
[EventType "swiss"]
[EventRounds "10"]
[EventCountry "GGB"]
[SourceTitle "CBM 183"]
[Source "ChessBase"]
[SourceDate "2018.03.14"]
[SourceVersion "1"]
[SourceVersionDate "2018.03.14"]
[SourceQuality "1"]

1. e4 e5 2. Nf3 Nc6 3. Bb5 a6 4. Ba4 Nf6 5. Qe2 b5 6. Bb3 Be7 7. d4 d6 8. dxe5 dxe5 9. 0-0 Bg4 10. c3 0-0 11. h3 Bxf3 12. Qxf3 Na5 13. Bc2 c5 14. Bg5 Ne8 15. Rd1 Nd6 16. Be3 Qc7 17. b3 Nab7 18. Nd2 Rad8 19. Qg3 f6 20. Nf1 Nc8 21. Bh6 Bd6 22. Ne3 Kh8 23. Nd5 Qf7 24. Be3 Ne7 25. f3 a5 26. Qe1 Nc6 27. Bd3 Na7 28. a4 b4 29. cxb4 axb4 30. a5 Nc6 31. a6 Nba5 32. Rdb1 Rb8 33. Qf2 Qa7 34. Qa2 Rfc8 35. Rc1 Ra8 36. Rc2 Rcb8 37. Rac1 Nb7 38. Qa4 Nbd8 39. Kh1 Qf7 40. Bxc5 Bxc5 41. Rxc5 Nd4 42. Rc7 Qf8 43. a7 Rb7 44. Rxb7 Nxb7 45. Nb6 Nc5 46. Qxb4 Nxd3 47. Qxf8+ Rxf8 48. Rc8 Rxc8 49. Nxc8 1-0

[Event "London Classic op"]
[Site "London"]
[Date "2017.12.07"]
[Round "7"]
[White "Bremner, Adam"]
[Black "Compton, Alistair"]
[Result "0-1"]
[WhiteElo "2231"]
[BlackElo "2071"]
[PlyCount "108"]
[EventDate "2017.12.02"]
[EventType "swiss"]
[EventRounds "9"]
[EventCountry "ENG"]
[SourceTitle "CBM 182 Extra"]
[Source "ChessBase"]
[SourceDate "2018.02.23"]
[SourceVersion "1"]
[SourceVersionDate "2018.02.23"]
[SourceQuality "1"]

1. d4 d5 2. Nf3 e6 3. c4 c5 4. cxd5 exd5 5. g3 Nc6 6. Bg2 Nf6 7. 0-0 c4 8. b3 cxb3 9. Qxb3 Be7 10. Nc3 0-0 11. Bg5 Na5 12. Qb1 Be6 13. Bxf6 Bxf6 14. e3 Rc8 15. Rc1 Qd7 16. Nd2 Be7 17. Qb2 a6 18. Qb6 Nc4 19. Nxc4 Rxc4 20. Ne2 Bd8 21. Qb3 b5 22. Nf4 Be7 23. Bf1 Bf5 24. Bxc4 dxc4 25. Qb2 g5 26. Ng2 Qd5 27. Ne1 g4 28. h3 h5 29. hxg4 hxg4 30. a4 b4 31. Qe2 b3 32. f3 Rb8 33. e4 Qxd4+ 34. Kh2 gxf3 35. Nxf3 Qxe4 36. Qxe4 Bxe4 37. Nd2 Bc2 38. Rxc2 bxc2 39. Rc1 c3 40. Rxc2 cxd2 41. Rxd2 a5 42. Rd5 Bb4 43. Kh3 Rc8 44. Kh4 Rc5 45. Rd7 Kg7 46. Rd1 Bc3 47. g4 Rc4 48. Kh5 Rxa4 49. g5 Ra1 50. Rd7 Rh1+ 51. Kg4 Rg1+ 52. Kh5 Re1 53. Ra7 Re5 54. Ra6 Bd2 0-1

[Event "London Classic op"]
[Site "London"]
[Date "2017.12.05"]
[Round "5"]
[White "Lyell, Mark"]
[Black "Compton, Alistair"]
[Result "1-0"]
[WhiteElo "2264"]
[BlackElo "2071"]
[PlyCount "61"]
[EventDate "2017.12.02"]
[EventType "swiss"]
[EventRounds "9"]
[EventCountry "ENG"]
[SourceTitle "CBM 182 Extra"]
[Source "ChessBase"]
[SourceDate "2018.02.23"]
[SourceVersion "1"]
[SourceVersionDate "2018.02.23"]
[SourceQuality "1"]

1. e4 e6 2. d4 d5 3. e5 Ne7 4. c3 Qd7 5. a4 a5 6. Bb5 c6 7. Bd3 b6 8. Ne2 Ba6 9. Bc2 c5 10. Na3 cxd4 11. Nxd4 Nbc6 12. Nab5 Ng6 13. Nxc6 Qxc6 14. 0-0 Bxb5 15. axb5 Qc7 16. b4 a4 17. Bxg6 hxg6 18. Rxa4 Rc8 19. Qd4 Be7 20. Be3 Rh4 21. f4 Qxc3 22. Rc1 Qxd4 23. Rxc8+ Kd7 24. Bxd4 Kxc8 25. g3 Rh5 26. Bxb6 g5 27. Bc5 Bxc5+ 28. bxc5 gxf4 29. c6 Kc7 30. Ra7+ Kb8 31. b6 1-0

[Event "Gibraltar Masters 15th"]
[Site "Caleta"]
[Date "2017.01.31"]
[Round "8"]
[White "Heinemann, Josefine"]
[Black "Compton, Alistair"]
[Result "1/2-1/2"]
[WhiteElo "2227"]
[BlackElo "2094"]
[PlyCount "65"]
[EventDate "2017.01.24"]
[EventType "swiss"]
[EventRounds "10"]
[EventCountry "GGB"]
[SourceTitle "CBM 177"]
[Source "ChessBase"]
[SourceDate "2017.03.16"]
[SourceVersion "1"]
[SourceVersionDate "2017.03.16"]
[SourceQuality "1"]

1. e4 e6 2. d4 d5 3. Nc3 Nf6 4. e5 Nfd7 5. f4 c5 6. Nf3 Nc6 7. Be3 cxd4 8. Nxd4 Bc5 9. Qd2 0-0 10. 0-0-0 a6 11. Qf2 Qe7 12. Kb1 Nxd4 13. Bxd4 b5 14. Bd3 Bxd4 15. Qxd4 b4 16. Ne4 a5 17. Ng5 g6 18. Qe3 Ba6 19. Qh3 f5 20. exf6 Rxf6 21. g3 Nc5 22. Bxa6 Rxa6 23. Rhe1 Rd6 24. Qg2 Qc7 25. Qd2 Rf8 26. h4 a4 27. h5 h6 28. Nh3 gxh5 29. Re5 b3 30. cxb3 axb3 31. a3 Qh7+ 32. Ka1 Rc6 33. Re3 1/2-1/2

[Event "Gibraltar Masters 15th"]
[Site "Caleta"]
[Date "2017.01.29"]
[Round "6"]
[White "Press, Shaun"]
[Black "Compton, Alistair"]
[Result "1/2-1/2"]
[WhiteElo "1970"]
[BlackElo "2094"]
[PlyCount "61"]
[EventDate "2017.01.24"]
[EventType "swiss"]
[EventRounds "10"]
[EventCountry "GGB"]
[SourceTitle "CBM 177"]
[Source "ChessBase"]
[SourceDate "2017.03.16"]
[SourceVersion "1"]
[SourceVersionDate "2017.03.16"]
[SourceQuality "1"]

1. e4 e6 2. d4 d5 3. Nc3 dxe4 4. Nxe4 Bd7 5. c3 Bc6 6. Ng3 Nd7 7. Nf3 Qf6 8. Be2 h6 9. 0-0 g5 10. Nd2 0-0-0 11. Nde4 Qe7 12. Re1 Ngf6 13. Bf3 g4 14. Bxg4 Nxg4 15. Qxg4 f5 16. Nxf5 exf5 17. Qxf5 Qh7 18. Qxh7 Rxh7 19. Bf4 Re7 20. Ng3 Rde8 21. Rxe7 Rxe7 22. c4 Nb6 23. b3 Bd7 24. Rd1 Rf7 25. Be3 Kb8 26. h3 Nc8 27. Nh5 Nd6 28. Ng3 Nf5 29. Nxf5 Rxf5 30. g4 Rf6 31. f4 1/2-1/2

[Event "Gibraltar Masters 15th"]
[Site "Caleta"]
[Date "2017.01.27"]
[Round "4"]
[White "Lopez Mulet, Inigo"]
[Black "Compton, Alistair"]
[Result "1-0"]
[WhiteElo "2304"]
[BlackElo "2094"]
[PlyCount "101"]
[EventDate "2017.01.24"]
[EventType "swiss"]
[EventRounds "10"]
[EventCountry "GGB"]
[SourceTitle "CBM 177"]
[Source "ChessBase"]
[SourceDate "2017.03.16"]
[SourceVersion "1"]
[SourceVersionDate "2017.03.16"]
[SourceQuality "1"]

1. d4 d5 2. c4 dxc4 3. Nf3 Nf6 4. e3 Bg4 5. Bxc4 e6 6. h3 Bh5 7. 0-0 Nc6 8. Bb5 Bd6 9. Qa4 Bxf3 10. gxf3 0-0 11. Bxc6 bxc6 12. Qxc6 Nd5 13. f4 Qh4 14. Kg2 g5 15. Nc3 gxf4 16. exf4 Nxf4+ 17. Bxf4 Qxf4 18. Qe4 Qh2+ 19. Kf3 Qxh3+ 20. Ke2 Qf5 21. Qxf5 exf5 22. Rg1+ Kh8 23. Rg5 Rab8 24. b3 c5 25. Rh1 cxd4 26. Nd5 f6 27. Rxf5 Be5 28. Kd3 Rbd8 29. Ne7 Rfe8 30. Nc6 Rd6 31. Na5 Rd7 32. Nc4 Kg7 33. Rg1+ Kh8 34. f4 Bc7 35. Rxf6 Rg8 36. Rxg8+ Kxg8 37. Ne5 Bxe5 38. fxe5 Kg7 39. b4 Rd5 40. Ra6 Rxe5 41. Rxa7+ Kg6 42. Kxd4 Rf5 43. Ra6+ Kg7 44. Re6 h5 45. a4 h4 46. a5 h3 47. Re2 Rh5 48. Rh2 Kf6 49. a6 Rh7 50. b5 Kf5 51. b6 1-0

[Event "Gibraltar Masters 15th"]
[Site "Caleta"]
[Date "2017.01.24"]
[Round "1"]
[White "Compton, Alistair"]
[Black "Santos Ruiz, Miguel"]
[Result "0-1"]
[WhiteElo "2094"]
[BlackElo "2484"]
[PlyCount "96"]
[EventDate "2017.01.24"]
[EventType "swiss"]
[EventRounds "10"]
[EventCountry "GGB"]
[SourceTitle "CBM 177"]
[Source "ChessBase"]
[SourceDate "2017.03.16"]
[SourceVersion "1"]
[SourceVersionDate "2017.03.16"]
[SourceQuality "1"]

1. e4 c5 2. c3 Nf6 3. e5 Nd5 4. d4 cxd4 5. Nf3 Nc6 6. cxd4 d6 7. Nc3 dxe5 8. dxe5 Nxc3 9. Qxd8+ Nxd8 10. bxc3 Bd7 11. Be3 g6 12. Bd4 Bg7 13. Be2 0-0 14. 0-0 Nc6 15. Rab1 b6 16. Rfd1 Bf5 17. Rb2 Rfd8 18. h3 Rac8 19. Ba6 Rc7 20. Rbd2 Bh6 21. Be3 Rxd2 22. Bxd2 Bg7 23. Bf4 Be6 24. Bb5 h6 25. a4 g5 26. Bg3 Rc8 27. Nd4 Nxd4 28. cxd4 Bd5 29. Rd2 Rc1+ 30. Kh2 e6 31. h4 Bf8 32. hxg5 hxg5 33. f3 Bb4 34. Re2 Bc4 35. Bxc4 Rxc4 36. Re4 Be7 37. a5 bxa5 38. Bf2 a4 39. Re2 a3 40. Kg3 Rb4 41. Rc2 a5 42. d5 exd5 43. Rc8+ Kg7 44. Be1 a2 45. Bc3 Rb3 46. Bd4 Rd3 47. Bb2 Rd2 48. Ba1 Rd1 0-1

[Event "London Classic op 8th"]
[Site "London"]
[Date "2016.12.16"]
[Round "9"]
[White "Compton, Alistair"]
[Black "Edwards, Simon R"]
[Result "1/2-1/2"]
[WhiteElo "2099"]
[BlackElo "1976"]
[PlyCount "28"]
[EventDate "2016.12.09"]
[EventType "swiss"]
[EventRounds "9"]
[EventCountry "ENG"]
[SourceTitle "CBM 176 Extra"]
[Source "ChessBase"]
[SourceDate "2017.03.02"]
[SourceVersion "1"]
[SourceVersionDate "2017.03.02"]
[SourceQuality "1"]

1. e4 c5 2. Nf3 d6 3. d4 cxd4 4. Nxd4 Nf6 5. Nc3 g6 6. Bg5 Bg7 7. Qd2 0-0 8. 0-0-0 Bd7 9. Nf3 Qb6 10. e5 dxe5 11. Nxe5 Be6 12. Be3 Qc7 13. Bf4 Qb6 14. Be3 Qc7 1/2-1/2

[Event "London Classic op 8th"]
[Site "London"]
[Date "2016.12.14"]
[Round "7"]
[White "Compton, Alistair"]
[Black "Paszewski, Mateusz"]
[Result "0-1"]
[WhiteElo "2099"]
[BlackElo "2281"]
[PlyCount "70"]
[EventDate "2016.12.09"]
[EventType "swiss"]
[EventRounds "9"]
[EventCountry "ENG"]
[SourceTitle "CBM 176 Extra"]
[Source "ChessBase"]
[SourceDate "2017.03.02"]
[SourceVersion "1"]
[SourceVersionDate "2017.03.02"]
[SourceQuality "1"]

1. e4 c5 2. c3 Nf6 3. e5 Nd5 4. d4 cxd4 5. Qxd4 e6 6. Nf3 Nc6 7. Qe4 d6 8. Bd3 Be7 9. exd6 Qxd6 10. 0-0 b6 11. Na3 Bb7 12. Nb5 Qd7 13. Qe2 a6 14. Nbd4 Nxd4 15. Nxd4 0-0 16. Be4 Rfd8 17. Nf3 g6 18. Re1 b5 19. h4 Rac8 20. h5 Bf6 21. hxg6 hxg6 22. Bg5 Qe7 23. Bxf6 Qxf6 24. Rad1 Kg7 25. Rd4 Rh8 26. Qd2 Rh5 27. g3 Rch8 28. Kg2 g5 29. Bxd5 exd5 30. g4 Rh3 31. Qxg5+ Qxg5 32. Nxg5 Rh2+ 33. Kg3 Kg6 34. Nf3 R8h3+ 35. Kf4 Rxf2 0-1

[Event "London Classic op 8th"]
[Site "London"]
[Date "2016.12.13"]
[Round "6"]
[White "Franklin, Samuel Gideon"]
[Black "Compton, Alistair"]
[Result "1/2-1/2"]
[WhiteElo "2310"]
[BlackElo "2099"]
[PlyCount "101"]
[EventDate "2016.12.09"]
[EventType "swiss"]
[EventRounds "9"]
[EventCountry "ENG"]
[SourceTitle "CBM 176 Extra"]
[Source "ChessBase"]
[SourceDate "2017.03.02"]
[SourceVersion "1"]
[SourceVersionDate "2017.03.02"]
[SourceQuality "1"]

1. e4 e6 2. d4 d5 3. Nc3 Nf6 4. Bg5 Bb4 5. e5 h6 6. Be3 Ne4 7. Qg4 g6 8. a3 Bxc3+ 9. bxc3 c5 10. Bd3 h5 11. Qf3 Nxc3 12. dxc5 Nc6 13. Qf4 d4 14. Bd2 g5 15. Qxg5 Qxg5 16. Bxg5 Nxe5 17. Bf6 Nxd3+ 18. cxd3 Rg8 19. Bxd4 Na4 20. Ne2 Bd7 21. 0-0 Bc6 22. f3 0-0-0 23. Kf2 Rd5 24. Rfd1 e5 25. Be3 Rgd8 26. Ng3 Nb2 27. Rd2 Nxd3+ 28. Kg1 Nxc5 29. Rxd5 Rxd5 30. Nxh5 Nb3 31. Rb1 Nd4 32. Nf6 Ra5 33. h4 Ne2+ 34. Kh2 Nc3 35. Rc1 Nd5 36. Nxd5 Rxd5 37. Bxa7 f5 38. Rc3 Kd7 39. Be3 f4 40. Bc5 Ke8 41. Bb4 Kf7 42. Rc1 Kg6 43. Re1 Kf5 44. Bc3 Rc5 45. Rc1 Rc4 46. Bb2 Rxc1 47. Bxc1 e4 48. fxe4+ Bxe4 49. Kg1 Kg4 50. Kf2 Kxh4 51. Bxf4 1/2-1/2

[Event "BCF-chT3Sa 1617 (4NCL)"]
[Site "England"]
[Date "2016.11.27"]
[Round "2.32"]
[White "Compton, Alistair"]
[Black "Josse, Mark"]
[Result "1/2-1/2"]
[WhiteElo "2088"]
[BlackElo "2165"]
[PlyCount "58"]
[EventDate "2016.11.26"]
[EventType "team-tourn"]
[EventRounds "11"]
[EventCountry "ENG"]
[SourceTitle "EXT 2019"]
[Source "ChessBase"]
[SourceDate "2018.10.10"]
[SourceVersion "1"]
[SourceVersionDate "2018.10.10"]
[SourceQuality "1"]
[WhiteTeam "The Rookies"]
[BlackTeam "Surbiton"]
[WhiteTeamCountry "ENG"]
[BlackTeamCountry "ENG"]

1. e4 e5 2. Nc3 Nf6 3. Bc4 Nc6 4. d3 Na5 5. Nge2 Bc5 6. Na4 Be7 7. Bb3 Nxb3 8. axb3 d5 9. exd5 Nxd5 10. 0-0 0-0 11. f4 b5 12. Nac3 b4 13. Nxd5 Qxd5 14. fxe5 Bb7 15. Nf4 Qxe5 16. d4 Qd6 17. c3 f5 18. Rf2 c5 19. Be3 g5 20. Nd3 bxc3 21. bxc3 f4 22. dxc5 Qg6 23. Bd4 Rfd8 24. Qe2 Bf8 25. Ne5 Qe4 26. Qxe4 Bxe4 27. Rfa2 Bg7 28. Rxa7 Rxa7 29. Rxa7 Bxe5 1/2-1/2

[Event "Gibraltar Masters 14th"]
[Site "Caleta"]
[Date "2016.02.01"]
[Round "7"]
[White "Vuilleumier, Alexandre"]
[Black "Compton, Alistair"]
[Result "1-0"]
[WhiteElo "2356"]
[BlackElo "2094"]
[PlyCount "63"]
[EventDate "2016.01.26"]
[EventType "swiss"]
[EventRounds "10"]
[EventCountry "GGB"]
[SourceTitle "CBM 171"]
[Source "ChessBase"]
[SourceDate "2016.03.14"]
[SourceVersion "2"]
[SourceVersionDate "2016.03.14"]
[SourceQuality "1"]

1. e4 e6 2. d4 d5 3. Nc3 Nf6 4. e5 Nfd7 5. f4 c5 6. Nf3 Nc6 7. Be3 Qb6 8. Na4 Qa5+ 9. c3 cxd4 10. b4 Qc7 11. Nxd4 a6 12. Bd3 b5 13. Nb2 Ncxe5 14. 0-0 Nxd3 15. Nxd3 Bd6 16. a4 bxa4 17. Qxa4 0-0 18. Nb5 Qc4 19. Nxd6 Qxd3 20. Bd4 Nf6 21. Bxf6 Qe3+ 22. Kh1 gxf6 23. Rf3 Qa7 24. Rg3+ Kh8 25. b5 Qe7 26. Qd1 Rg8 27. Nxc8 Raxc8 28. bxa6 Rxg3 29. hxg3 Rc7 30. Rb1 f5 31. Qd4+ f6 32. Qb4 1-0